000 00989nam a2200205 4500
001 28
005 20230411085952.0
008 060907n1997 dr spa
020 _a9803171232
035 _9funglode28
041 _aES
100 _aCunill Grau, Nuria
245 1 _aRepensando lo público a través de la sociedad :
_bnuevas formas de gestión pública y representación social /
_cNuria Cunill Grau; Prólogo de Luiz Carlos Bresser Pereira
260 _aCaracas :
_bEditorial Nueva Sociedad,
_c1997
300 _a320 p.
504 _aBibliografía p. 309-20
520 _aLo público y las relaciones Estado/sociedad, 23. -- Representación y participación ciudadana y su virtualidad para la construcción de espacios públicos, 71. -- La "publificación" de la administración pública, 197. -- A modo de síntesis : Articulaciones posibles entre lo público, lo social y lo estatal, 297
700 _aBresser Pereira, Luiz Carlos, Prol.
942 _2lcc
_cbk
999 _c110202
_d110202